000 00886nam a22001937a 4500
005 20251031120032.0
010 _aHIN-130510
020 _a9789391546540
_c225.00
035 _aHN-102856
037 _bDBAD
082 _a821
100 _aत्रिपाठी सियारमण
_985606
245 _aसरसों सलोनी और गेहूँ की बाली /
_cत्रिपाठी सियारमण ; प्रभाकर पाठक द्वारा संपादित
260 _aनई दिल्ली
_bशब्दाकुर प्रकाशक
_c2021
270 _aजे-41,मदनगीर
_bनई दिल्ली
_e110062
300 _a103पृ.
_c22सेमी (सजिल्द )
700 _aपाठक, प्रभाकर
_985607
942 _2ddc
_cHN
_h821
_mत्रिपाठी
999 _c213711
_d213711